| 000 | | | 03733nmc2a22000003x 450 |
| 001 | | | 395b6040-c9e2-40ea-a0ab-a4e93a00130a |
| 005 | | | 20190607104209.0 |
| 100 | ## | $a | 20170925l18561856k l0rusy0189 ca |
| 101 | 0# | $a | rus |
| 102 | ## | $a | RU |
| 200 | 1# | $a | Прошения артистов о зачислении их службы с шестнадцатилетнего возраста |
| | $j | 13 марта - 16 мая 1856 г. |
| 251 | ## | $c | Дело |
| 300 | ## | $a | По Московской дирекции за 1856 год |
| 300 | ## | $a | Дело |
| 801 | #0 | $a | RU |
| | $b | РГИА |
| | $c | 20170925 |
| | $g | RCR |
| 801 | #1 | $a | RU |
| | $b | ГлавНИВЦ |
| | $c | 20170925 |
| | $2 | rusmarc |
| 801 | #2 | $a | RU |
| | $b | ПБ им. Б.Н. Ельцина |
| | $c | 20190607 |
| | $g | RCR |
| | $2 | rusmarc |
| 850 | ## | $a | РГИА |
| 852 | ## | $a | РГИА |
| | $e | Федеральное казенное учреждение "Российский государственный исторический архив" (РГИА) |
| | $j | 16014 |
| 937 | ## | $h | РГИА |
| | $d | 12249569 |
| | $a | ASBIBLIO_SCAN |
| 462 | #0 | $1 | 001e40fcb0b-ae70-479b-99ff-446a4d3065c4 |
| | $1 | 2001 |
| | $a | Дирекция императорских театров (1850-1884 гг.) |
| | $1 | 251 |
| | $c | Опись |
| | $1 | 852 |
| | $j | 2 |
| 461 | #0 | $1 | 0019264ebf8-de62-4f1a-9eb4-9f22098dbbd5 |
| | $1 | 2001 |
| | $a | Дирекция императорских театров Министерства императорского двора |
| | $1 | 251 |
| | $c | Фонд |
| | $1 | 852 |
| | $j | 497 |
| 215 | ## | $a | 11 л. |
| | $d | 36,5х26 см |
| 371 | ## | $a | Документ не является опубликованным и широко распространяемым |
| 105 | ## | $a | y### |
| 122 | 2# | $a | d |
| 035 | ## | $a | 395b6040-c9e2-40ea-a0ab-a4e93a00130a |
| 856 | ## | $u | http://readingroom.main.prlib.ru/item.aspx?id_node=n129980653&mode=full |